01195cam a22002897a 4500999001300000001000600013003000900019005001700028008004100045020001500086040004000101082002100141100002000162245013100182250003000313260007000343300004600413490003200459504005100491650003900542650002800581700002500609700002100634942001200655952011900667952011900786 c134d13417082BD-DhUAP20210112092906.0070530s2007 ii a b u001 0 eng d a0070636931 aYDXCPcBD-DhUAPdBD-DhUAPdDLCbEng04a621.3821 DAW2231 aDawson, Martin.10aIP location :bGeographic location measurement, delivery & conveyance /cMartin Dawson, James Winterbottom and Martin Thomson. aTata McGraw-Hill edition. aNew Delhi :bTata Mcgraw-Hill Publishing Company Limited,cc2007. axxi, 338 pages :billustrations ;c24 cm. aMcGraw-Hill communications. aIncludes bibliographical references and index. 0aTCP/IP (Computer network protocol) 0aGeographical positions.1 aWinterbottom, James.1 aThomson, Martin. 2ddccBK 00102ddc4070aUAPCLbUAPCLcGeneral Stacksd2020-01-16o621.3821 DAWp3010017082r2020-01-16t1w2020-01-16yBK 00102ddc4070aUAPCLbUAPCLcGeneral Stacksd2020-01-16o621.3821 DAWp3010012641r2020-01-16t2w2020-01-16yBK